Statistics for Top 15 Trade Products for Imports and Exports - UK

Click here to take the quiz!

General Stats

  • This quiz has been taken 74 times
  • The average score is 9 of 30

Answer Stats

HintAnswer% Correct
9.35% (Transportation)Cars
92%
7.45% (Transportation)Cars
92%
5.56% (Precious Metals)Gold
86%
3.89% (Precious Metals)Gold
86%
3.82% (Mineral Products)Crude Petroleum
70%
5.7% (Mineral Products)Crude Petroleum
70%
3.12% (Mineral Products)Refined Petroleum
70%
3.72% (Mineral Products)Refined Petroleum
70%
0.98% (Transportation)Planes, Helicopters, and/or Spacecraft
46%
2.08% (Mineral Products)Petroleum Gas
30%
0.92% (Mineral Products)Petroleum Gas
30%
1.02% (Precious Metals)Platinum
24%
1.11% (Transportation)Delivery Trucks
16%
0.88% (Arts and Antiques)Paintings
14%
2.6% (Chemical Products)Packaged Medicaments
10%
4.17% (Chemical Products)Packaged Medicaments
10%
0.96% (Machines)Combustion Engines
8%
1.75% (Foodstuffs)Hard Liquor
8%
0.76% (Machines) / 0.76% (Miscellaneous)Insulated Wire / Other Furniture
6%
3.31% (Transportation)Aircraft Parts
4%
1.37% (Chemical Products)Blood, Antisera, Vaccines, Toxins, and Cultures
4%
1.68% (Chemical Products)Blood, Antisera, Vaccines, Toxins, and Cultures
4%
0.79% (Transportation)Aircraft Parts
0%
0.93% (Machines)Broadcasting Equipment
0%
2.53% (Machines)Broadcasting Equipment
0%
5.06% (Machines)Gas Turbines
0%
1.22% (Machines)Gas Turbines
0%
1.02% (Machines)Office Machine Parts
0%
2.38% (Transportation)Vehicle Parts
0%
1.5% (Transportation)Vehicle Parts
0%

Score Distribution

Percentile by Number Answered

Percent of People with Each Score

Your Score History

You have not taken this quiz